Central Library OPAC University of Rajshahi

Business data processing & programming / (Record no. 15702)

MARC details
000 -LEADER
fixed length control field 00913cam a2200289 4500
001 - CONTROL NUMBER
control field 15702
003 - CONTROL NUMBER IDENTIFIER
rucl marc code BD-RjUL
005 - DATE AND TIME OF LATEST TRANSACTION
control field 20211208235854.0
008 - FIXED-LENGTH DATA ELEMENTS--GENERAL INFORMATION
fixed length control field 140210r19641963caua 001 0 eng
035 ## - SYSTEM CONTROL NUMBER
System control number (OCoLC)ocm00561951
System control number (BD-RjUL)15757
System control number (NNC)2413290
040 ## - CATALOGING SOURCE
Original cataloging agency DLC
Transcribing agency CSU
Modifying agency SER
-- OCL
-- ZCU
-- BD-RjUL
Language of cataloging eng
041 ## - LANGUAGE CODE
Language code of text/sound track or separate title eng
082 ## - DEWEY DECIMAL CLASSIFICATION NUMBER
Classification number 651.26
Author mark and year GRB 1964
090 ## - LOCALLY ASSIGNED LC-TYPE CALL NUMBER (OCLC); LOCAL CALL NUMBER (OCLC)
Classification number (OCLC) (R) ; Classification number, CALL (RLIN) (NR) HF5548.2
Local cutter number (OCLC) ; Book number/undivided call number, CALL (RLIN) .G863
100 1# - MAIN ENTRY--PERSONAL NAME
Personal name Gregory, Robert H.
Fuller form of name (Robert Henry)
9 (RLIN) 48726
245 10 - TITLE STATEMENT
Title Business data processing & programming /
Statement of responsibility, etc. Robert H. Gregory & Richard L. Van Horn.
260 ## - PUBLICATION, DISTRIBUTION, ETC. (IMPRINT)
Place of publication, distribution, etc. Belmont, Calif. :
Name of publisher, distributor, etc. Wadsworth Pub. Co.,
Date of publication, distribution, etc. c1963 [ Reprinted 1964].
300 ## - PHYSICAL DESCRIPTION
Pagination x, 403 p. :
Illustrations ill. ;
Size 24 cm.
504 ## - BIBLIOGRAPHY, ETC. NOTE
Bibliography, etc Includes index.
650 #0 - SUBJECT ADDED ENTRY--TOPICAL TERM
Topical term or geographic name as entry element Electronic data processing.
9 (RLIN) 48727
700 1# - ADDED ENTRY--PERSONAL NAME
Personal name Van Horn, Richard,
Dates associated with a name 1920-,
Relator term author.
942 ## - ADDED ENTRY ELEMENTS (KOHA)
Source of classification or shelving scheme Dewey Decimal Classification
Koha item type Books
Holdings
Lost status Source of classification or shelving scheme Damaged status Not for loan Collection code Permanent Location Current Location Shelving location Date acquired Source of acquisition Total Checkouts Full call number Date last seen Copy number Koha item type
  Dewey Decimal Classification   Not For Loan Non-fiction Central Library, University of Rajshahi Central Library, University of Rajshahi Reading Room 09/03/1974 Canada govt.   651.26 GRB 1964 10/02/2014 C-1 Books